000 01881nam a2200493 i 4500
001 15477
003 KOSZ 005
005 20200630100834.0
008 200417s1973 pl a f 001 0 pol
015 _aUWD 1973/2576
035 _a991033090719705066
035 _a(PL-WaBN)b18867388-48omnis_nlop
035 _ab18867388
035 _a(OCoLC)749600771
035 _a(PL)b0000001886738
035 _a(EXLNZ-48OMNIS_NETWORK)9910006970905606
040 _aWA N
_cWA N
_dKOSZ 005/RW
046 _k1973
080 _a621.396.97
100 1 _aRotkiewicz, Wilhelm
_d(1906-1983)
_eAutor
245 1 0 _aTechnika odbioru radiowego :
_bpodstawowe układy wielkiej częstotliwości /
_cWilhelm Rotkiewicz, Piotr Rotkiewicz, Bogdan Zaleski.
260 _aWarszawa :
_bWydawnictwa Naukowo-Techniczne,
_c1973.
300 _a793, [3] strony :
_bilustracje ;
_c25 cm.
336 _aTekst
_btxt
_2rdacontent
337 _aBez urządzenia pośredniczącego
_bn
_2rdamedia
338 _aWolumin
_bnc
_2rdacarrier
380 _aKsiążki
380 _aPublikacje fachowe
380 _aPublikacje dydaktyczne
388 _a1901-2000
388 _a1945-1989
504 _aBibliografia przy rozdziałach. Indeks.
521 8 _aKsiążka jest przeznaczona dla inżynierów pracujących przy projektowaniu, produkcji, badaniu i naprawie odbiorników radiowych oraz dla studentów wyższych szkół technicznych.
650 7 _aRadiotechnika
_2DBN
650 7 _aRadioodbiorniki
655 7 _aPodręcznik
658 _aInżynieria i technika
700 1 _aRotkiewicz, Piotr
_eAutor
700 1 _aZaleski, Bogdan
_eAutor
710 2 _aWydawnictwa Naukowo-Techniczne
_4pbl
856 _uhttp://koha.tu.koszalin.pl/cgi-bin/koha/opac-detail.pl?biblionumber=15477
_yKatalog online BPK
942 _2UKD
_cKS
999 _c15477
_d15477